Stats : (Record no. 31811)

000 -LEADER
fixed length control field 01181cam a2200277 i 4500
001 - CONTROL NUMBER
control field 20774876
005 - DATE AND TIME OF LATEST TRANSACTION
control field 20230731150732.0
008 - FIXED-LENGTH DATA ELEMENTS--GENERAL INFORMATION
fixed length control field 181210s2019 maua 001 0 eng
010 ## - LIBRARY OF CONGRESS CONTROL NUMBER
LC control number 2018420507
020 ## - INTERNATIONAL STANDARD BOOK NUMBER
International Standard Book Number 9780134761435 (hbk. : student edition)
040 ## - CATALOGING SOURCE
Original cataloging agency DLC
Language of cataloging eng
Transcribing agency DLC
Description conventions rda
Modifying agency DLC
042 ## - AUTHENTICATION CODE
Authentication code pcc
050 00 - LIBRARY OF CONGRESS CALL NUMBER
Classification number QA 276.12.B628 2019
100 1# - MAIN ENTRY--PERSONAL NAME
Personal name Bock, David E.,
Relator term author.
245 10 - TITLE STATEMENT
Title Stats :
Remainder of title modeling the world /
Statement of responsibility, etc. David E. Bock, Ithaca High School (Retired), Floyd Bullard, North Carolina School of Science and Mathematics, Paul F. Velleman, Cornell University, Richard D. De Veaux, Williams College.
250 ## - EDITION STATEMENT
Edition statement Fifth edition, AP edition.
300 ## - PHYSICAL DESCRIPTION
Extent 1 volume (various pagings) :
Other physical details illustrations (some color) ;
Dimensions 29 cm
500 ## - GENERAL NOTE
General note Includes index.
650 #0 - SUBJECT ADDED ENTRY--TOPICAL TERM
Topical term or geographic name as entry element Graphic calculators
Form subdivision Textbooks.
700 1# - ADDED ENTRY--PERSONAL NAME
Personal name Bullard, Floyd,
Relator term author.
700 1# - ADDED ENTRY--PERSONAL NAME
Personal name Velleman, Paul F.,
Dates associated with a name 1949-
Relator term author.
700 1# - ADDED ENTRY--PERSONAL NAME
Personal name De Veaux, Richard D.,
Relator term author.
906 ## - LOCAL DATA ELEMENT F, LDF (RLIN)
a 7
b cbc
c origcop
d 2
e ncip
f 20
g y-gencatlg
942 ## - ADDED ENTRY ELEMENTS (KOHA)
Source of classification or shelving scheme
Koha item type Hard Covered Materials
Classification part QA 276.12.B628 2019
Holdings
Withdrawn status Lost status Source of classification or shelving scheme Damaged status Not for loan Home library Current library Shelving location Date acquired Source of acquisition Total Checkouts Full call number Barcode Date last seen Price effective from Koha item type
          MACHAKOS UNIVERSITY LIBRARY MACHAKOS UNIVERSITY LIBRARY Open shelf 31/07/2023 Donation (kimanzi)   QA 276.12.B628 2019 39589 31/07/2023 31/07/2023 Hard Covered Materials
© Machakos University Library, Along The Highway, Machakos Wote Rd, Machakos, Kenya P.O. Box 136 - 90100 Machakos - Kenya

Tel: ( +254 ) 723 805829 OR Fax : 044-20353 OR Email: library@mksu.ac.ke